00363 a2200157 4500001000700000020001800007041000800025250001100033300001000044490001800054830001800072040002500090100002900115245004000144260002100184115965 a9788528103908 apor a2. ed. a24 p. aAdivinhe só aAdivinhe só aBR-BrIDEAcBR-BrIDEA aMachado, Ana Mariad194210aManos Malucos 1c Ana Maria Machado bSalamandrac2000